00199nam a2200085Ia 4500008004100000041000800041100001800049245003700067260000900104230508s1986 xx 000 0 und d aeng aSALUNKHE M.B. aSWATANTRYA SAINIKANCHYA ATHAVANI c1986